Austrian states - Statistics

General Stats
  • This quiz has been taken 135 times
    120 since last reset
  • The average score is 6 of 9
Answer Stats
Answer % Correct
Tyrol
85%
Salzburg
76%
Wien
72%
Burgenland
68%
Vorar
59%
Niederösterreich
58%
Oberösterreich
58%
Steiermark
58%
Kärnten
51%
No matching quizzes found
Score Distribution
Percent of People with Each Score
Percentile by Number Answered
Your Score History
You have not taken this quiz since the last reset